Unused Pokémon Type Combinations - Statistics

General Stats
  • This quiz has been taken 13 times
  • The average score is 4 of 9
Answer Stats
Answer % Correct
Fire-Fairy
64%
Normal-Ice
64%
Rock-Ghost
64%
Normal-Bug
55%
Normal-Rock
55%
Normal-Steel
55%
Bug-Dragon
45%
Ice-Poison
36%
Ground-Fairy
9%
No matching quizzes found
Score Distribution
Percent of People with Each Score
Percentile by Number Answered
Your Score History
You have not taken this quiz